Most Guessed Women's Tennis Champions A-Z - Statistics

General Stats
  • This quiz has been taken 44 times
  • The average score is 9 of 18
Answer Stats
letter latest player % Correct
W 2017 Serena Williams
100%
S 2014 Maria Sharapova
88%
G 1999 Steffi Graf
75%
E 1986 Chris Evert
68%
H 1999 Martina Hingis
68%
K 1975 Billie Jean King
65%
N 1990 Martina Navratilova
63%
I 2008 Ana Ivanovic
48%
D 2000 Lindsay Davenport
48%
A 2013 Victoria Azarenka
48%
C 2011 Kim Clijsters
43%
L 2014 Li Na
43%
B 2013 Marion Bartoli
38%
M 2006 Amelie Mauresmo
35%
J 1969 Ann Jones
28%
P 2000 Mary Pierce
28%
R 1978 Virginia Ruzici
8%
O 1978 Chris O'Neil
3%
No matching quizzes found
Score Distribution
Percent of People with Each Score
Percentile by Number Answered
Your Score History
You have not taken this quiz